|
|
|
|
| LEADER |
02336nam a2200409 i 4500 |
| 001 |
38421 |
| 003 |
BD-DhAAL |
| 005 |
20220418104050.0 |
| 008 |
180323t2019 nyuab b 001 0 eng |
| 999 |
|
|
|c 44007
|d 44007
|
| 010 |
|
|
|a 2018013914
|
| 020 |
|
|
|a 9781260598117
|
| 020 |
|
|
|a 126059811X
|
| 040 |
|
|
|a DLC
|b eng
|c DLC
|e rda
|d DLC
|d BD-DhAAL
|
| 042 |
|
|
|a pcc
|
| 050 |
0 |
0 |
|a GN316
|b .K638 2019
|
| 082 |
0 |
0 |
|a 301
|2 23
|
| 100 |
1 |
|
|a Kottak, Conrad Phillip,
|e author.
|9 48076
|
| 245 |
1 |
0 |
|a Anthropology :
|b appreciating human diversity /
|c Conrad Phillip Kottak, University of Michigan.
|
| 250 |
|
|
|a Nineteenth edition.
|
| 264 |
|
1 |
|a New York :
|b McGraw-Hill,
|c 2022.
|
| 300 |
|
|
|a xxv, 322 pages :
|b color illustrations, color maps ;
|c 28 cm.
|
| 500 |
|
|
|a "Previous editions © 2015, 2013, 2011, and 2009"--T.p. verso.
|
| 504 |
|
|
|a Includes bibliographical references and index.
|
| 505 |
2 |
|
|a Part 1. Introduction to Anthropology -- Part 2. Biological Anthropology and Archaeology -- Part 3. Appreciating cultural diversity -- Part 4. The changing world.
|
| 521 |
1 |
|
|a Ages: 18+
|
| 526 |
|
|
|a ESS
|
| 541 |
|
|
|a Karim International
|e 38421, 38422. 38423, 38424, 38425
|
| 650 |
|
0 |
|a Ethnology.
|9 48077
|
| 650 |
|
0 |
|a Anthropology.
|9 48078
|
| 852 |
|
|
|a Ayesha Abed Library
|c General Stacks
|
| 942 |
|
|
|2 ddc
|c BK
|
| 952 |
|
|
|0 0
|1 0
|2 ddc
|4 0
|6 301_000000000000000_KOT
|7 0
|9 70451
|a BRACUL
|b BRACUL
|c GEN
|d 2022-04-07
|e Karim International
|g 4590.00
|l 6
|m 43
|o 301 KOT
|p 3010038422
|r 2025-05-22
|s 2025-03-04
|t 2
|v 4590.00
|w 2022-04-07
|y BK
|
| 952 |
|
|
|0 0
|1 0
|2 ddc
|4 0
|6 301_000000000000000_KOT
|7 0
|9 70452
|a BRACUL
|b BRACUL
|c GEN
|d 2022-04-07
|e Karim International
|g 4590.00
|l 7
|m 31
|o 301 KOT
|p 3010038424
|r 2026-05-21
|s 2026-02-18
|t 4
|v 4590.00
|w 2022-04-07
|y BK
|
| 952 |
|
|
|0 0
|1 0
|2 ddc
|4 0
|6 301_000000000000000_KOT
|7 0
|9 70453
|a BRACUL
|b BRACUL
|c GEN
|d 2022-04-07
|e Karim International
|g 4590.00
|l 6
|m 47
|o 301 KOT
|p 3010038425
|r 2026-05-21
|s 2026-04-27
|t 5
|v 4590.00
|w 2022-04-07
|y BK
|
| 952 |
|
|
|0 0
|1 0
|2 ddc
|4 0
|6 301_000000000000000_KOT
|7 0
|9 70454
|a BRACUL
|b BRACUL
|c GEN
|d 2022-04-07
|e Karim International
|g 4590.00
|l 5
|m 36
|o 301 KOT
|p 3010038423
|r 2026-05-17
|s 2026-05-03
|t 3
|v 4590.00
|w 2022-04-07
|y BK
|
| 952 |
|
|
|0 0
|1 0
|2 ddc
|4 0
|6 301_000000000000000_KOT
|7 0
|9 70455
|a BRACUL
|b BRACUL
|c GEN
|d 2022-04-07
|e Karim International
|g 4590.00
|l 9
|m 65
|o 301 KOT
|p 3010038421
|r 2026-01-16
|s 2025-11-16
|t 1
|v 4590.00
|w 2022-04-07
|y BK
|